| 000 | 00516nam a2200193Ia 4500 | ||
|---|---|---|---|
| 008 | 210719s2021 xx 000 0 und d | ||
| 020 | _a978-0-367-46954-2 | ||
| 041 | _aeng | ||
| 082 | _a910.688 PIKD | ||
| 100 | _aPIKE (Steven) | ||
| 245 | _aDestination marketing: essentials Ed 3 | ||
| 250 | _a3 | ||
| 260 |
_aLondon _bRoutledge _c2021 |
||
| 300 |
_a324 _bPB |
||
| 365 |
_b4101.75 _cGBP |
||
| 650 | _aGeography | ||
| 650 | _aGeography | ||
| 906 | _a3 ; Destination ; Ed ; essentials ; marketing ; marketing: | ||
| 999 |
_c212047 _d212047 |
||